ảnh hưởng của chu kỳ cắt ngọn trên năng suất hai giống đậu đồng cỏ nhiệt đới
Đã lưu trong:
| Príomhúdar: | |
|---|---|
| Formáid: | Leabhar |
| Teanga: | Undetermined |
| Foilsithe: |
Cần Thơ
Viện Đại Học Cần Thơ - Đại Học Nông Nghiệp
1974
|
| Ábhair: | |
| Clibeanna: |
Cuir Clib Leis
Gan Chlibeanna, Bí ar an gcéad duine leis an taifead seo a chlibeáil!
|
| Thư viện lưu trữ: | Trung tâm Học liệu Trường Đại học Cần Thơ |
|---|
| LEADER | 00680nam a2200181Ia 4500 | ||
|---|---|---|---|
| 001 | CTU_33561 | ||
| 008 | 210402s9999 xx 000 0 und d | ||
| 082 | |a 633.3 | ||
| 082 | |b T108 | ||
| 100 | |a Hà Nhân Tạo | ||
| 245 | 0 | |a ảnh hưởng của chu kỳ cắt ngọn trên năng suất hai giống đậu đồng cỏ nhiệt đới | |
| 245 | 0 | |c Hà Nhân Tạo | |
| 260 | |a Cần Thơ | ||
| 260 | |b Viện Đại Học Cần Thơ - Đại Học Nông Nghiệp | ||
| 260 | |c 1974 | ||
| 650 | |a field crops,mung bean,plants, protection of,weeds - control | ||
| 904 | |i Minh, 991102 | ||
| 980 | |a Trung tâm Học liệu Trường Đại học Cần Thơ | ||